Animal magic : (Record no. 902)

MARC details
000 -LEADER
fixed length control field 00815nam a22002177a 4500
005 - DATE AND TIME OF LATEST TRANSACTION
control field 20250508144528.0
020 ## - INTERNATIONAL STANDARD BOOK NUMBER
International Standard Book Number 9781407135588
040 ## - CATALOGING SOURCE
Original cataloging agency FISKH
Language of cataloging eng
Transcribing agency FISKH
Modifying agency FISKH
082 ## - DEWEY DECIMAL CLASSIFICATION NUMBER
Classification number 823.92
100 ## - MAIN ENTRY--PERSONAL NAME
Personal name Webb, Holly.
245 ## - TITLE STATEMENT
Title Animal magic :
Remainder of title Mousemagic /
Statement of responsibility, etc. Author: Webb, Holly
260 ## - PUBLICATION, DISTRIBUTION, ETC.
Place of publication, distribution, etc. London :
Name of publisher, distributor, etc. Scholastic,
Date of publication, distribution, etc. 2013.
300 ## - PHYSICAL DESCRIPTION
Extent 154 pages :
Dimensions 20 cm.
505 ## - FORMATTED CONTENTS NOTE
Formatted contents note R <br/>
520 ## - SUMMARY, ETC.
Summary, etc. When Lottie's class goes away on a trip for a whole week, Lottie decides she's finally going to stand up to the awful school bully. But without Sofie, her familiar, Lottie's not sure if she can! Luckily Fred, the magical pink mouse, comes to her rescue.
521 ## - TARGET AUDIENCE NOTE
Target audience note 730 <br/>
Source Lexile <br/>
521 ## - TARGET AUDIENCE NOTE
Target audience note R <br/>
Source Raz-Plus <br/>
650 ## - SUBJECT ADDED ENTRY--TOPICAL TERM
Topical term or geographic name entry element children's
Form subdivision fiction
General subdivision paperback
Chronological subdivision series
942 ## - ADDED ENTRY ELEMENTS (KOHA)
Source of classification or shelving scheme Dewey Decimal Classification
Koha item type Books
Suppress in OPAC No
999 ## -
-- 902
-- 902
Holdings
Withdrawn status Lost status Source of classification or shelving scheme Damaged status Not for loan Collection Home library Current library Shelving location Date acquired Total Checkouts Full call number Barcode Date last seen Date last checked out Price effective from Koha item type Copy number
    Dewey Decimal Classification     Fiction Footprints International School Library Network Toul Kork Campus Footprints International School Library Network Toul Kork Campus TK Primary Library Room(4th Floor), Bookcase 5&6, Shelves 33-56, Orange Books 07/13/2023 1 WEB Fic 823.92 FISTKG3B065 09/13/2023 08/09/2023 07/13/2023 Books  
    Dewey Decimal Classification     Juvenile Fiction Footprints International School Library Network Toul Tom Poung Campus Footprints International School Library Network Toul Tom Poung Campus TTP Primary Orange Bookshelves 05/08/2025   WEB Fic 823.92 2025-1225 05/08/2025   05/08/2025 Books 2